[Event "MVP-ch Seniors op 12th"]
[Site "Binz"]
[Date "2012.12.05"]
[Round "8"]
[White "Blosze, Winfried"]
[Black "Muehlhan, Klaus"]
[Result "0-1"]
[WhiteElo "1723"]
[BlackElo "1906"]
[PlyCount "26"]
[EventDate "2012.11.28"]
[EventType "swiss"]
[EventRounds "9"]
[EventCountry "GER"]
[SourceTitle "EXT 2014"]
[Source "ChessBase"]
[SourceDate "2013.11.20"]
[SourceVersion "1"]
[SourceVersionDate "2013.11.20"]
[SourceQuality "1"]

1. e4 c5 2. d4 cxd4 3. c3 dxc3 4. Nxc3 Nc6 5. Bc4 e6 6. Nf3 Qc7 7. 0-0 Nf6 8. g3 a6 9. Bg5 Qa5 10. a3 Be7 11. Kg2 b5 12. b4 Qb6 13. Be2 Bb7 0-1

[Event "MVP-ch Seniors op 12th"]
[Site "Binz"]
[Date "2012.12.01"]
[Round "4"]
[White "Zunker, Reinhard"]
[Black "Muehlhan, Klaus"]
[Result "1-0"]
[WhiteElo "2052"]
[BlackElo "1906"]
[PlyCount "81"]
[EventDate "2012.11.28"]
[EventType "swiss"]
[EventRounds "9"]
[EventCountry "GER"]
[SourceTitle "EXT 2014"]
[Source "ChessBase"]
[SourceDate "2013.11.20"]
[SourceVersion "1"]
[SourceVersionDate "2013.11.20"]
[SourceQuality "1"]

1. e4 c5 2. Nf3 b6 3. Nc3 Bb7 4. Bc4 e6 5. 0-0 d6 6. d4 cxd4 7. Nxd4 Nf6 8. Qe2 Nbd7 9. a4 a6 10. f3 Be7 11. Bxe6 fxe6 12. Nxe6 Qc8 13. Nxg7+ Kf7 14. Nf5 Re8 15. Qd3 Ne5 16. Qd2 Bf8 17. Nxd6+ Bxd6 18. Qxd6 Nc4 19. Qd4 Rd8 20. Qf2 Qc6 21. Ne2 Rg8 22. Nd4 Qc5 23. b3 Rad8 24. Nf5 Nd2 25. Qxc5 bxc5 26. Nh6+ Kg7 27. Nxg8 Kxg8 28. Rf2 Ndxe4 29. fxe4 Rd1+ 30. Rf1 Rxf1+ 31. Kxf1 Bxe4 32. c3 a5 33. Bd2 Bd3+ 34. Kf2 Ng4+ 35. Kg3 Nf6 36. Kf4 Bc2 37. Ke5 Kg7 38. c4 Bxb3 39. Bxa5 Bxc4 40. Bd8 Ng4+ 41. Kd6 1-0

[Event "MVP-ch Seniors op 12th"]
[Site "Binz"]
[Date "2012.11.28"]
[Round "1"]
[White "Knaak, Hans"]
[Black "Muehlhan, Klaus"]
[Result "0-1"]
[WhiteElo "1464"]
[BlackElo "1906"]
[PlyCount "28"]
[EventDate "2012.11.28"]
[EventType "swiss"]
[EventRounds "9"]
[EventCountry "GER"]
[SourceTitle "EXT 2014"]
[Source "ChessBase"]
[SourceDate "2013.11.20"]
[SourceVersion "1"]
[SourceVersionDate "2013.11.20"]
[SourceQuality "1"]

1. d4 Nf6 2. c4 c5 3. d5 b5 4. cxb5 a6 5. Nc3 g6 6. e4 d6 7. Be3 Bg7 8. Qd2 Ng4 9. Be2 Nxe3 10. Qxe3 Qa5 11. a4 0-0 12. Nf3 axb5 13. Bxb5 Bxc3+ 14. Qxc3 Qxb5 0-1

[Event "Berlin Lichtenberger op 11th"]
[Site "Berlin"]
[Date "2012.08.24"]
[Round "7"]
[White "Muehlhan, Klaus"]
[Black "Heuser, Philip"]
[Result "0-1"]
[WhiteElo "2042"]
[BlackElo "2147"]
[PlyCount "70"]
[EventDate "2012.08.18"]
[EventType "swiss"]
[EventRounds "9"]
[EventCountry "GER"]
[SourceTitle "CBM 150 Extra"]
[Source "ChessBase"]
[SourceDate "2012.10.19"]
[SourceVersion "1"]
[SourceVersionDate "2012.10.19"]
[SourceQuality "1"]

1. e4 c6 2. d4 d5 3. f3 dxe4 4. fxe4 e5 5. Nf3 Be6 6. Nc3 Bb4 7. a3 Bxc3+ 8. bxc3 Nf6 9. Bd3 Nbd7 10. Bg5 Qa5 11. 0-0 0-0-0 12. Qb1 h6 13. Bd2 Qc7 14. Qb2 g5 15. c4 exd4 16. Qxd4 c5 17. Qc3 Ng4 18. Be1 f6 19. Bg3 Nge5 20. Nd2 Rdf8 21. Rfb1 h5 22. Nf1 h4 23. Be1 Ng4 24. Be2 Nde5 25. h3 Nh6 26. Ne3 g4 27. Nd5 Qg7 28. hxg4 Nhxg4 29. Qa5 Nc6 30. Qxc5 Nge5 31. Rb3 h3 32. g3 h2+ 33. Kh1 Qh7 34. Nc3 Bh3 35. Qf2 Nd4 0-1

[Event "Berlin Lichtenberger op 11th"]
[Site "Berlin"]
[Date "2012.08.22"]
[Round "5"]
[White "Muehlhan, Klaus"]
[Black "Schoenberger, Kay"]
[Result "1-0"]
[WhiteElo "2042"]
[BlackElo "1899"]
[PlyCount "71"]
[EventDate "2012.08.18"]
[EventType "swiss"]
[EventRounds "9"]
[EventCountry "GER"]
[SourceTitle "CBM 150 Extra"]
[Source "ChessBase"]
[SourceDate "2012.10.19"]
[SourceVersion "1"]
[SourceVersionDate "2012.10.19"]
[SourceQuality "1"]

1. e4 c5 2. d4 cxd4 3. c3 dxc3 4. Nxc3 Nc6 5. Nf3 d6 6. Bc4 Nf6 7. e5 dxe5 8. Qxd8+ Nxd8 9. Nb5 Be6 10. Nc7+ Kd7 11. Nxa8 Bxc4 12. Nxe5+ Kc8 13. Nxc4 Kb8 14. Nab6 axb6 15. Nxb6 Nc6 16. 0-0 e5 17. Be3 Bb4 18. a3 Be7 19. b4 Ne4 20. b5 Na7 21. a4 f6 22. Rfd1 Nc8 23. Rd7 Re8 24. Nxc8 Kxc8 25. Rad1 Nc3 26. R1d3 Nxa4 27. b6 Bd8 28. Rxg7 Nxb6 29. Rc3+ Kb8 30. Rb3 Re6 31. Rg8 Rd6 32. g4 Nc4 33. Bc5 Rd7 34. Rb4 Nd2 35. Bb6 Kc8 36. Ra4 1-0

[Event "Bad Woerishofen Seniors op 28th"]
[Site "Bad Woerishofen"]
[Date "2012.03.05"]
[Round "4.52"]
[White "Muehlhan, Klaus"]
[Black "Ganslmayer, Herbert"]
[Result "1-0"]
[WhiteElo "1899"]
[BlackElo "1689"]
[PlyCount "75"]
[EventDate "2012.03.02"]
[EventType "swiss"]
[EventRounds "9"]
[EventCountry "GER"]
[SourceTitle "EXT 2022"]
[Source "ChessBase"]
[SourceDate "2021.10.06"]
[SourceVersion "1"]
[SourceVersionDate "2021.10.06"]
[SourceQuality "1"]

1. e4 e6 2. d4 c5 3. Nf3 Nf6 4. e5 Nd5 5. c4 Ne7 6. d5 d6 7. Nc3 dxe5 8. Nxe5 Nf5 9. Bd3 Nd4 10. Be3 Bd6 11. f4 Bxe5 12. fxe5 exd5 13. cxd5 h5 14. Bxd4 cxd4 15. Qa4+ Bd7 16. Qxd4 0-0 17. 0-0 Qb6 18. Qxb6 axb6 19. a3 Na6 20. Rae1 Nc5 21. Bb1 Nb3 22. Ba2 Nd4 23. Rf4 Nc2 24. Re2 g5 25. Rf6 Nd4 26. Ref2 Kg7 27. Ne4 Rac8 28. Nxg5 Rc1+ 29. Rf1 Ne2+ 30. Kf2 Rc2 31. Ke3 Bb5 32. d6 Rxb2 33. Bxf7 Rc8 34. Rg6+ Kh8 35. Rh6+ Kg7 36. Rh7+ Kf8 37. Be6+ Ke8 38. Rh8# 1-0

[Event "Bad Woerishofen Seniors op 28th"]
[Site "Bad Woerishofen"]
[Date "2012.03.02"]
[Round "1.35"]
[White "Eigenmann, Christina"]
[Black "Muehlhan, Klaus"]
[Result "0-1"]
[WhiteElo "1726"]
[BlackElo "1899"]
[PlyCount "84"]
[EventDate "2012.03.02"]
[EventType "swiss"]
[EventRounds "9"]
[EventCountry "GER"]
[SourceTitle "EXT 2022"]
[Source "ChessBase"]
[SourceDate "2021.10.06"]
[SourceVersion "1"]
[SourceVersionDate "2021.10.06"]
[SourceQuality "1"]

1. d4 Nf6 2. c4 c5 3. d5 b5 4. e3 b4 5. Bd3 e5 6. Ne2 Bd6 7. e4 Be7 8. Ng3 d6 9. 0-0 h5 10. Bg5 g6 11. Nd2 Nxd5 12. exd5 Bxg5 13. Nge4 f5 14. Nxg5 Qxg5 15. f4 exf4 16. Nf3 Qf6 17. Qe2+ Kf7 18. h4 Bd7 19. Ng5+ Kg7 20. Rxf4 Na6 21. Qf2 Rae8 22. Ne4 Qe5 23. Ng5 Rhf8 24. Kf1 Re7 25. Re1 Qxe1+ 26. Qxe1 Rxe1+ 27. Kxe1 Nc7 28. Kf2 Ne8 29. Be2 Nf6 30. Ke1 Re8 31. Kd2 a5 32. Rf1 a4 33. Re1 a3 34. b3 Ne4+ 35. Nxe4 Rxe4 36. g3 Kf6 37. Bd3 Rxe1 38. Kxe1 g5 39. hxg5+ Kxg5 40. Kf2 f4 41. Be2 fxg3+ 42. Kxg3 Bf5 0-1

[Event "MVP-ch Seniors op 11th"]
[Site "Binz"]
[Date "2011.12.07"]
[Round "8.31"]
[White "Muehlhan, Klaus"]
[Black "Haubt, Georg"]
[Result "1/2-1/2"]
[WhiteElo "1881"]
[BlackElo "2108"]
[PlyCount "140"]
[EventDate "2011.11.30"]
[EventType "swiss"]
[EventRounds "9"]
[EventCountry "GER"]
[SourceTitle "EXT 2013"]
[Source "ChessBase"]
[SourceDate "2012.11.22"]
[SourceVersion "1"]
[SourceVersionDate "2012.11.22"]
[SourceQuality "1"]

1. e4 d5 2. exd5 Qxd5 3. Nf3 Bg4 4. Be2 Nc6 5. h3 Bf5 6. Nc3 Qd7 7. Bc4 e6 8. d3 Bc5 9. Be3 Qe7 10. Qe2 Bb4 11. 0-0 a6 12. Ne4 Nf6 13. c3 Bxe4 14. dxe4 Bc5 15. e5 Nd7 16. Bg5 Qf8 17. b4 h6 18. Bd2 Ba7 19. a4 a5 20. b5 Ne7 21. Rad1 Nf5 22. Kh1 Qc5 23. g4 Nb6 24. Bb3 Ne7 25. Be3 Qa3 26. Qc2 Nbd5 27. Bd4 Bxd4 28. cxd4 Ng6 29. Bxd5 exd5 30. Rd3 Qe7 31. Rc3 Rc8 32. Rc1 Kd8 33. Rc5 Nf4 34. Kh2 Qd7 35. Qf5 Ne6 36. R5c3 Ke8 37. Qd3 Nf4 38. Qc2 Kd8 39. Kg3 Ne6 40. Qd2 Qe7 41. Qa2 Qd7 42. Qd2 Ke7 43. R3c2 Ra8 44. Qd3 g6 45. Qa3+ Ke8 46. Ng1 h5 47. g5 h4+ 48. Kh2 Rc8 49. Qe3 Qe7 50. f4 Qb4 51. Ne2 Qxa4 52. Nc3 Qxd4 53. Qxd4 Nxd4 54. Ra2 Rd8 55. Rd1 Ne6 56. Nxd5 Nxf4 57. Nxc7+ Ke7 58. Rf1 Nd5 59. Raf2 Rhf8 60. b6 Nxb6 61. Rb2 Rd7 62. Rxb6 Rxc7 63. Ra1 Rd8 64. Re1 Rd5 65. Kg2 Rdc5 66. Re3 R5c6 67. Rb5 Ra6 68. Kf3 Ke6 69. Ra3 a4 70. Rb4 Kxe5 1/2-1/2

[Event "MVP-ch Seniors op 11th"]
[Site "Binz"]
[Date "2011.11.30"]
[Round "1.50"]
[White "Mueller, Dieter5555"]
[Black "Muehlhan, Klaus"]
[Result "0-1"]
[WhiteElo "1512"]
[BlackElo "1881"]
[PlyCount "106"]
[EventDate "2011.11.30"]
[EventType "swiss"]
[EventRounds "9"]
[EventCountry "GER"]
[SourceTitle "EXT 2013"]
[Source "ChessBase"]
[SourceDate "2012.11.22"]
[SourceVersion "1"]
[SourceVersionDate "2012.11.22"]
[SourceQuality "1"]

1. Nf3 c5 2. c4 b6 3. g3 Bb7 4. Bg2 e6 5. Nc3 a6 6. b3 Be7 7. Bb2 Nf6 8. 0-0 h5 9. d3 Nc6 10. Qd2 Qc7 11. e3 Ng4 12. Ne2 h4 13. h3 Nh6 14. Bxg7 Rh7 15. Bxh6 Rxh6 16. e4 Rg6 17. g4 0-0-0 18. Qf4 f5 19. Qxc7+ Kxc7 20. exf5 exf5 21. Nf4 Rg7 22. Nd5+ Kb8 23. Nxe7 Nxe7 24. Nh2 fxg4 25. Nxg4 d5 26. Rae1 Ng6 27. f4 Rf7 28. f5 Ne7 29. f6 Ng8 30. Re6 dxc4 31. dxc4 Bxg2 32. Kxg2 Kc7 33. Rf2 Rd6 34. Rfe2 Nxf6 35. Rxd6 Kxd6 36. Rf2 Ke7 37. Nxf6 Rxf6 38. Rxf6 Kxf6 39. Kf3 Kf5 40. Ke3 b5 41. a3 bxc4 42. bxc4 Ke5 43. Kd3 Kf4 44. a4 a5 45. Ke2 Ke4 46. Kd2 Kd4 47. Kc1 Kxc4 48. Kc2 Kb4 49. Kb2 Kxa4 50. Kc3 Ka3 51. Kc4 Kb2 52. Kb5 a4 53. Kxa4 c4 0-1

[Event "Berlin Lichtenberger op 10th"]
[Site "Berlin"]
[Date "2011.08.18"]
[Round "6"]
[White "Muehlhan, Klaus"]
[Black "Hesselbarth, Karlheinz"]
[Result "1-0"]
[WhiteElo "1986"]
[BlackElo "1789"]
[PlyCount "69"]
[EventDate "2011.08.13"]
[EventType "swiss"]
[EventRounds "9"]
[EventCountry "GER"]
[SourceTitle "CBM 143 Extra"]
[Source "ChessBase"]
[SourceDate "2011.08.29"]
[SourceVersion "1"]
[SourceVersionDate "2011.08.29"]
[SourceQuality "1"]

1. e4 e5 2. Nf3 Nc6 3. Bb5 a6 4. Ba4 d6 5. c3 f5 6. d3 fxe4 7. dxe4 Nf6 8. 0-0 Be6 9. Nbd2 Be7 10. Ng5 Bg8 11. Bb3 Qd7 12. f4 exf4 13. Rxf4 h6 14. Nh3 0-0-0 15. Qe2 g5 16. Rf1 Bh7 17. Bc2 Rde8 18. b4 Qg4 19. Qe3 Bd8 20. Nf2 Qd7 21. a4 Nd5 22. Qd3 Nf4 23. Qf3 Ne5 24. Qd1 h5 25. Nb3 Ng4 26. b5 Bf6 27. bxa6 bxa6 28. Nd4 Bxd4 29. cxd4 d5 30. a5 dxe4 31. Ba4 c6 32. Bxf4 gxf4 33. Bxc6 Qf5 34. Bxe8 Rxe8 35. Nxg4 1-0

[Event "Berlin Lichtenberger op 10th"]
[Site "Berlin"]
[Date "2011.08.13"]
[Round "1"]
[White "Toth, Hans Juergen"]
[Black "Muehlhan, Klaus"]
[Result "0-1"]
[WhiteElo "1641"]
[BlackElo "1986"]
[PlyCount "88"]
[EventDate "2011.08.13"]
[EventType "swiss"]
[EventRounds "9"]
[EventCountry "GER"]
[SourceTitle "CBM 143 Extra"]
[Source "ChessBase"]
[SourceDate "2011.08.29"]
[SourceVersion "1"]
[SourceVersionDate "2011.08.29"]
[SourceQuality "1"]

1. f4 e5 2. fxe5 d6 3. exd6 Bxd6 4. Nf3 Nf6 5. d4 Bf5 6. Bg5 h6 7. Bxf6 Qxf6 8. c3 0-0 9. Nbd2 Re8 10. Nc4 Bf8 11. Qd2 Nd7 12. e3 Rad8 13. Bd3 b5 14. Nce5 Nxe5 15. Nxe5 Rxe5 16. Rf1 Qg5 17. Rf3 Bxd3 18. dxe5 Be4 19. Rg3 Qe7 20. Qf2 Qxe5 21. Rd1 Rxd1+ 22. Kxd1 Qd5+ 23. Qd2 Qxa2 24. Rg4 f5 25. Rf4 b4 26. cxb4 Qb3+ 27. Ke2 Bxb4 28. Qc1 Qd3+ 29. Kf2 Bd2 30. Qc5 Qb1 31. Rxe4 Qxe4 32. Qxa7 Qh4+ 33. Ke2 Qe1+ 34. Kd3 Bb4 35. Qd4 Qd1+ 36. Kc4 Qxd4+ 37. exd4 Bd6 38. h3 Kf7 39. Kd5 g5 40. Kc6 Ke7 41. d5 h5 42. Kb5 Be5 43. Kc6 g4 44. hxg4 fxg4 0-1

[Event "Potsdam Christmas 35th"]
[Site "Potsdam"]
[Date "2010.12.29"]
[Round "5.16"]
[White "Pueschel, Werner"]
[Black "Muehlhan, Klaus"]
[Result "1-0"]
[WhiteElo "2173"]
[BlackElo "1971"]
[PlyCount "101"]
[EventDate "2010.12.27"]
[EventType "swiss"]
[EventRounds "7"]
[EventCountry "GER"]
[SourceTitle "EXT 2022"]
[Source "ChessBase"]
[SourceDate "2021.10.06"]
[SourceVersion "1"]
[SourceVersionDate "2021.10.06"]
[SourceQuality "1"]

1. c3 Nf6 2. d3 d5 3. Nd2 e5 4. Qc2 Bc5 5. h3 Bf5 6. e4 dxe4 7. dxe4 Be6 8. Ngf3 Nfd7 9. Nc4 Nc6 10. b4 Bxc4 11. Bxc4 Bb6 12. a4 a5 13. b5 Ne7 14. Ba3 Ng6 15. Rd1 Qf6 16. 0-0 0-0-0 17. Bc1 Nf4 18. Bxf4 Qxf4 19. Rd5 g5 20. Qe2 h5 21. Qd2 g4 22. Qxf4 exf4 23. Ng5 Rdf8 24. Kh2 f6 25. Ne6 Re8 26. Nxf4 Rxe4 27. Ng6 Rhe8 28. Bd3 c6 29. bxc6 bxc6 30. Rxh5 Re1 31. Rxe1 Rxe1 32. Bf5 Kd8 33. Rh8+ Re8 34. Rxe8+ Kxe8 35. Bxd7+ Kxd7 36. Kg3 gxh3 37. gxh3 Ke6 38. Kf3 Bc5 39. Nf4+ Kf5 40. Nd3 Bd6 41. c4 Kg5 42. Ke4 f5+ 43. Kd4 Kh4 44. c5 Bh2 45. Ne5 Kxh3 46. Nxc6 Kg2 47. Ne5 Bg1 48. Nd3 Bh2 49. f4 Bg1+ 50. Ke5 Kf3 51. c6 1-0

[Event "Potsdam Christmas 35th"]
[Site "Potsdam"]
[Date "2010.12.28"]
[Round "4.21"]
[White "Muehlhan, Klaus"]
[Black "Rosenau, Kurt"]
[Result "1-0"]
[WhiteElo "1971"]
[BlackElo "1629"]
[PlyCount "39"]
[EventDate "2010.12.27"]
[EventType "swiss"]
[EventRounds "7"]
[EventCountry "GER"]
[SourceTitle "EXT 2022"]
[Source "ChessBase"]
[SourceDate "2021.10.06"]
[SourceVersion "1"]
[SourceVersionDate "2021.10.06"]
[SourceQuality "1"]

1. e4 e6 2. d4 d5 3. e5 c5 4. c3 Nc6 5. Nf3 Nge7 6. Bd3 cxd4 7. cxd4 Ng6 8. a3 Be7 9. Nc3 a6 10. b4 b5 11. Be3 0-0 12. h4 f5 13. exf6 Bxf6 14. Ng5 Nxd4 15. Qh5 Nf3+ 16. gxf3 Bxc3+ 17. Kf1 Rf5 18. Qxh7+ Kf8 19. Bc5+ Ke8 20. Qxg6+ 1-0

[Event "Potsdam Christmas 35th"]
[Site "Potsdam"]
[Date "2010.12.27"]
[Round "1.16"]
[White "Heinrich, Daniela"]
[Black "Muehlhan, Klaus"]
[Result "0-1"]
[WhiteElo "1476"]
[BlackElo "1971"]
[PlyCount "118"]
[EventDate "2010.12.27"]
[EventType "swiss"]
[EventRounds "7"]
[EventCountry "GER"]
[SourceTitle "EXT 2022"]
[Source "ChessBase"]
[SourceDate "2021.10.06"]
[SourceVersion "1"]
[SourceVersionDate "2021.10.06"]
[SourceQuality "1"]

1. e4 e5 2. Nf3 Nc6 3. d4 exd4 4. Nxd4 Qf6 5. c3 Bc5 6. Be3 Nge7 7. Bc4 Qg6 8. 0-0 0-0 9. Nd2 d6 10. Nxc6 Nxc6 11. Bxc5 dxc5 12. Kh1 Ne5 13. Qe2 Be6 14. Rad1 Rad8 15. Bxe6 Qxe6 16. b3 Rd6 17. f4 Qg4 18. Qxg4 Nxg4 19. Rf3 Rfd8 20. h3 Nh6 21. Rf2 Rd3 22. Kh2 Rxc3 23. Nb1 Rcd3 24. Rfd2 Rxd2 25. Rxd2 Rd6 26. g4 f6 27. Kg3 Kf8 28. Kf3 Nf7 29. Rxd6 cxd6 30. Nc3 Ke7 31. Nd5+ Kd7 32. h4 b5 33. a3 Nd8 34. g5 fxg5 35. hxg5 Ne6 36. Nc3 Nd4+ 37. Kg4 a5 38. f5 b4 39. axb4 axb4 40. Nd5 Nxb3 41. f6 Ke6 42. Nf4+ Kf7 43. fxg7 Kxg7 44. Nd3 Nd2 45. e5 dxe5 46. Nxc5 b3 47. Nxb3 Nxb3 48. Kf5 Nc5 49. Kxe5 Kg6 50. Kf4 Ne6+ 51. Kg4 Nxg5 52. Kh4 Nf7 53. Kh3 Kg5 54. Kg3 Nd6 55. Kh3 Nf5 56. Kg2 Kg4 57. Kh2 Ne3 58. Kg1 Kg3 59. Kh1 Ng4 0-1

[Event "Potsdam Christmas 34th"]
[Site "Potsdam"]
[Date "2009.12.27"]
[Round "2.18"]
[White "Muehlhan, Klaus"]
[Black "Schirrmacher, Carsten"]
[Result "1-0"]
[WhiteElo "1932"]
[BlackElo "2112"]
[PlyCount "83"]
[EventDate "2009.12.27"]
[EventType "swiss"]
[EventRounds "7"]
[EventCountry "GER"]
[SourceTitle "EXT 2022"]
[Source "ChessBase"]
[SourceDate "2021.10.06"]
[SourceVersion "1"]
[SourceVersionDate "2021.10.06"]
[SourceQuality "1"]

1. e4 e5 2. Nf3 Nc6 3. Bb5 Nf6 4. 0-0 Nxe4 5. d4 Nd6 6. Bxc6 dxc6 7. dxe5 Nf5 8. Qxd8+ Kxd8 9. Nc3 Ne7 10. Bf4 Ng6 11. Bg3 Bg4 12. Ng5 Ke8 13. Rfe1 h6 14. Nge4 Rd8 15. a3 Be7 16. Nf6+ gxf6 17. exf6 Rd2 18. fxe7 Rxc2 19. Ne4 Be6 20. b4 b6 21. Bxc7 Kxe7 22. Rad1 Bd5 23. Nc5+ Kf6 24. Nd7+ Kg7 25. Ne5 Ra2 26. b5 Rc8 27. Bd6 Bb3 28. Rd3 Nxe5 29. Bxe5+ f6 30. Rg3+ Kf7 31. Rf3 cxb5 32. Rxf6+ Kg8 33. Rxh6 Rcc2 34. Rg6+ Kh7 35. Rg7+ Kh6 36. Bd4 Rxf2 37. Rg4 Rf5 38. h3 Rg5 39. Be3 Rxa3 40. Bxg5+ Kh5 41. Bc1 Ra4 42. Re5# 1-0

[Event "Berlin Lichtenberger op 7th"]
[Site "Berlin"]
[Date "2008.08.24"]
[Round "9"]
[White "Rohde, Wolfgang"]
[Black "Muehlhan, Klaus"]
[Result "1-0"]
[WhiteElo "2198"]
[BlackElo "2006"]
[PlyCount "93"]
[EventDate "2008.08.16"]
[EventType "swiss"]
[EventRounds "9"]
[EventCountry "GER"]
[SourceTitle "CBM 126 Extra"]
[Source "ChessBase"]
[SourceDate "2008.11.05"]
[SourceVersion "1"]
[SourceVersionDate "2008.11.05"]
[SourceQuality "1"]

1. c4 c5 2. Nc3 b6 3. e4 Bb7 4. Bd3 g6 5. Nh3 Nc6 6. Bc2 Nd4 7. 0-0 Nf6 8. d3 d6 9. Ba4+ Nd7 10. Nd5 Bg7 11. Bg5 f6 12. Be3 Nc6 13. Nhf4 Kf7 14. Qg4 Nf8 15. Qg3 e6 16. Nc3 a6 17. Nfe2 Qe7 18. f4 Nd7 19. Rae1 f5 20. Qh3 Rag8 21. Bxc6 Bxc6 22. d4 fxe4 23. d5 exd5 24. cxd5 Bb7 25. f5 Ke8 26. Nf4 Be5 27. Nxe4 gxf5 28. Qxf5 Qf8 29. Qh3 h5 30. Nd3 Qe7 31. Nxe5 dxe5 32. Rd1 Rg4 33. Ng3 Qh7 34. Rf5 Qg6 35. Rxh5 Rxh5 36. Nxh5 Qe4 37. Bf2 Bxd5 38. Ng3 Rxg3 39. Qxg3 Nf6 40. Re1 Qc2 41. Qxe5+ Kf7 42. h4 Qc4 43. h5 Qg4 44. Qe7+ Kg8 45. Qd8+ Kg7 46. Re7+ Bf7 47. h6+ 1-0

[Event "Berlin Lichtenberger op 7th"]
[Site "Berlin"]
[Date "2008.08.19"]
[Round "4"]
[White "Zschaebitz, Klaus"]
[Black "Muehlhan, Klaus"]
[Result "1-0"]
[WhiteElo "2103"]
[BlackElo "2006"]
[PlyCount "56"]
[EventDate "2008.08.16"]
[EventType "swiss"]
[EventRounds "9"]
[EventCountry "GER"]
[SourceTitle "CBM 126 Extra"]
[Source "ChessBase"]
[SourceDate "2008.11.05"]
[SourceVersion "1"]
[SourceVersionDate "2008.11.05"]
[SourceQuality "1"]

1. d4 Nf6 2. Nf3 c5 3. e3 e6 4. Bd3 d5 5. b3 b6 6. 0-0 Bd6 7. Bb2 0-0 8. Nbd2 Bb7 9. Qe2 Nc6 10. e4 dxe4 11. Nxe4 Nxe4 12. Qxe4 g6 13. dxc5 Bxc5 14. Qf4 Bd6 15. Qh6 f6 16. Rfe1 Ne5 17. Nxe5 fxe5 18. Bxg6 Qe7 19. Bxe5 Bxe5 20. Rxe5 hxg6 21. Qxg6+ Qg7 22. Qxe6+ Rf7 23. g3 Rd8 24. Rae1 Rd2 25. Rf5 Rd8 26. Qc4 Rd6 27. h4 Kf8 28. Qf4 Rff6 1-0

[Event "Liberec op"]
[Site "Liberec"]
[Date "2007.11.13"]
[Round "4"]
[White "Tesar, Jan"]
[Black "Muehlhan, Klaus"]
[Result "0-1"]
[WhiteElo "2069"]
[BlackElo "1946"]
[PlyCount "78"]
[EventDate "2007.11.10"]
[EventType "swiss"]
[EventRounds "9"]
[EventCountry "CZE"]
[SourceTitle "EXT 2008"]
[Source "ChessBase"]
[SourceDate "2007.11.25"]
[SourceVersion "1"]
[SourceVersionDate "2007.11.25"]
[SourceQuality "1"]

1. c4 c5 2. Nf3 Nf6 3. Nc3 e6 4. d4 cxd4 5. Nxd4 a6 6. g3 Qc7 7. Qd3 Nc6 8. Nxc6 dxc6 9. Bg2 Bd7 10. 0-0 Rd8 11. e4 Bc5 12. Na4 Ba7 13. c5 e5 14. b4 0-0 15. Qe2 Be6 16. Bb2 Bb8 17. h3 Nd7 18. a3 a5 19. Bc3 axb4 20. axb4 b5 21. cxb6 Nxb6 22. Bxe5 Qxe5 23. Nxb6 Qd4 24. Na4 Bc4 25. Qc2 Bxf1 26. Rxf1 Bxg3 27. Qxc6 Bd6 28. Nc5 Rc8 29. Qd5 Bxc5 30. bxc5 Qxc5 31. Rd1 Qxd5 32. exd5 Rfd8 33. Bf3 Rd6 34. Kg2 f5 35. Kg3 Kf7 36. Rd2 Kf6 37. Ra2 Rc3 38. Kg2 Ke5 39. h4 Rg6+ 0-1

[Event "GER-ch Seniors Gp-A 19th"]
[Site "Templin"]
[Date "2007.08.27"]
[Round "5"]
[White "Muehlhan, Klaus"]
[Black "Kroener, Otto"]
[Result "0-1"]
[WhiteElo "1829"]
[BlackElo "1812"]
[PlyCount "60"]
[EventDate "2007.08.23"]
[EventType "swiss"]
[EventRounds "9"]
[EventCountry "GER"]
[SourceTitle "EXT 2022"]
[Source "ChessBase"]
[SourceDate "2021.10.06"]
[SourceVersion "1"]
[SourceVersionDate "2021.10.06"]
[SourceQuality "1"]

1. e4 e5 2. Nf3 Nc6 3. Bb5 a6 4. Ba4 Nf6 5. 0-0 Nxe4 6. d4 b5 7. Bb3 d5 8. dxe5 Be6 9. Qe2 Nc5 10. Rd1 Nxb3 11. axb3 Bc5 12. c4 bxc4 13. bxc4 d4 14. Ng5 Qc8 15. b3 h6 16. Qe4 Qd7 17. Nxe6 Qxe6 18. Ba3 Bxa3 19. Nxa3 0-0 20. f4 Rfd8 21. Nc2 a5 22. Nxd4 Nxd4 23. Rxd4 Qb6 24. Rad1 Rxd4 25. Qxd4 Qxb3 26. h3 a4 27. Rd3 Qb1+ 28. Kh2 a3 29. Qe4 Qb8 30. Qe3 a2 0-1